Philosophy of Social Science /
Esta obra puede ser leída desde la perspectiva filosófica, desde el estudio de las ciencias sociales o también puede interesar a quien estudia la teoría social. Se centra en problemas que se pueden llamar lógicos o racionales de la teorización social. Se ocupa de las principales teorías sociales y l...
محفوظ في:
| المؤلف الرئيسي: | |
|---|---|
| التنسيق: | كتاب |
| اللغة: | الإنجليزية |
| منشور في: |
Englewood Cliffs, EUA :
Prentice-Hall,
1966, c1966
|
| سلاسل: | (Foundations of Philosophy)
|
| الموضوعات: | |
| الوسوم: |
لا توجد وسوم, كن أول من يضع وسما على هذه التسجيلة!
|
MARC
| LEADER | 00000nam^a2200000^a^4500 | ||
|---|---|---|---|
| 001 | 000387494 | ||
| 005 | 20250521000000.0 | ||
| 009 | 20260310121028.212 | ||
| 037 | |a Acervo ITESO - Biblioteca | ||
| 041 | |a ING | ||
| 082 | |a 300. 1 |b RUD | ||
| 100 | |a Rudner, Richard S. |e (autor) | ||
| 240 | 1 | 1 | |a [Filosofía de la ciencia social] |
| 245 | 1 | 0 | |a Philosophy of Social Science / |c R.S. Rudner ; presen. de Elizabeth Beardsley, Monroe Beardsley. |
| 264 | 4 | |a Englewood Cliffs, EUA : |b Prentice-Hall, |c 1966, c1966 | |
| 300 | |a IX, 118 p. | ||
| 336 | |a texto |b txt |2 rdacontenido | ||
| 337 | |a sin mediación |b n |2 rdamedio | ||
| 338 | |a volumen |b nc |2 rdasoporte | ||
| 440 | 1 | |a (Foundations of Philosophy) | |
| 520 | |a Esta obra puede ser leída desde la perspectiva filosófica, desde el estudio de las ciencias sociales o también puede interesar a quien estudia la teoría social. Se centra en problemas que se pueden llamar lógicos o racionales de la teorización social. Se ocupa de las principales teorías sociales y luego en un segundo momento de la utilización de tales formulaciones, así como de los problemas que este uso conlleva, como el que las ciencias sociales no pueden utilizar los principios de la misma manera que lo hacen las ciencias no sociales. | ||
| 649 | |a XX | ||
| 650 | |a Orden Social | ||
| 650 | |a Organización Social | ||
| 650 | |a Cultura - |x Teoría | ||
| 650 | |a Fenomenología | ||
| 650 | |a Epistemología | ||
| 650 | |a Funcionalismo | ||
| 650 | |a Sociología - |x Filosofía | ||
| 650 | |a Ciencias Sociales - |x Filosofía - |x Tema Principal | ||
| 910 | |a Fondo General | ||
| 920 | |a Impresos - Libros | ||
| 930 | |a Colección General | ||
| 905 | |a 101 | ||
| 901 | |a 0500282137 |b IT1 |c ACC |i D71243 |u 20250521 | ||
| 902 | |a https://opac.biblio.iteso.mx/vufind/Record/000387494 | ||